Statistics for Transformers (First Movie) Quiz

Click here to take the quiz!

General Stats

  • This quiz has been taken 25 times
  • The average score is 12 of 18

Answer Stats

HintAnswer% Correct
Yellow auto-bot who can't talk on his own - uses the radioBumblebee
94%
Auto-bot; weapons specialistIronhide
94%
Leader of the DecepticonsMegatron
94%
Auto-bot leader; red and blueOptimus Prime
94%
M(male)C dadRon Witwicky
94%
Descendant of the one who found Megatron in the Arctic Circle; main male human characterSam Witwicky
94%
Auto-bot; loves music; silver; first lieutenantJazz
89%
Auto-bot; medical officerRatchet
89%
Decepticon; turns into a planeStarscream
89%
Main female human character; has a juvie recordMikaela Banes
61%
In military; has a daughter he hasn't met yet; was at the base in the very beginning of the movie when the transformer attacked the data-base and stole confidential filesColonel William Lennox
50%
Wife to ^Sarah Lennox
50%
M(male)C momJudy Witwicky
39%
Mean Sector Seven Agent; was forced to take his clothes off and was handcuffed to a poleAgent Simmons
33%
Expert hacker and computer technicianGlen Whitmann
28%
High school decoder who found the matching original sound from the data-base attack ^Maggie Madsen
28%
Secretary of DefenseDefense Secretary John Keller
17%
M(female)C EX bfTrent DeMarco
11%

Score Distribution

Percentile by Number Answered

Percent of People with Each Score

Your Score History

You have not taken this quiz